Разработка и исследование релейно-импульсных систем регулирования тока двигателей последовательного возбуждения: автореферат диссертации на соискание ученой степени кандидата технических наук

Bibliographic Details
Main Author: Колоколов Ю. В. Юрий Васильевич
Corporate Authors: Томский институт автоматизированных систем управления и радиоэлектроники (570), Томский политехнический институт
Other Authors: Зайцев А. П. (научный руководитель)
Summary:Защита сост. 12.04.1978
На правах рукописи
Language:Russian
Published: Томск, 1978
Subjects:
Format: Book
KOHA link:https://koha.lib.tpu.ru/cgi-bin/koha/opac-detail.pl?biblionumber=684521

MARC

LEADER 00000nam0a2200000 4500
001 684521
005 20260128100019.0
090 |a 684521 
100 |a 20260128d1978 k||y0rusy50 ca 
101 0 |a rus 
102 |a RU 
105 |a a dm 001yy 
181 0 |a i   |b  e  
182 0 |a n 
183 0 |a nc  |2 RDAcarrier 
200 1 |a Разработка и исследование релейно-импульсных систем регулирования тока двигателей последовательного возбуждения  |e автореферат диссертации на соискание ученой степени кандидата технических наук  |f Колоколов Юрий Васильевич  |g науч. рук. А. П. Зайцев; Томский институт автоматизированных систем управления и радиоэлектроники, Томский политехнический институт 
203 |a Текст  |b визуальный  |c непосредственный 
210 1 |a Томск  |d 1978 
215 |a 28 с.  |c ил. 
283 |a volume  |2 RDAcarrier 
300 |a Защита сост. 12.04.1978 
320 |a Основные положения диссертации опубликованы в следующих работах: с. 21-22 
333 |a На правах рукописи 
606 |a Регуляторы тока  |9 48612 
610 1 |a релейно-импульсные системы 
610 1 |a управление 
610 1 |a функциональные схемы 
610 1 |a построение 
610 1 |a периодические электромагнитные процессы 
610 1 |a исследование 
610 1 |a качество 
610 1 |a анализ 
610 1 |a электрический ток 
610 1 |a низкочастотные составляющие 
610 1 |a колебания 
610 1 |a амплитуды 
610 1 |a уменьшение 
610 1 |a авторефераты диссертаций 
675 |a 621.316.721  |v 4 
700 1 |a Колоколов  |b Ю. В.  |g Юрий Васильевич 
702 1 |4 727  |a Зайцев  |b А. П. 
712 0 2 |a Томский институт автоматизированных систем управления и радиоэлектроники  |c (1971-1993)  |4 570  |9 23765 
712 0 2 |a Томский политехнический институт  |c (1944-1991)  |4 570  |9 23521 
801 0 |a RU  |b 63413507  |c 20260128 
830 |a Ретро2026Каталогизация Шило 
850 |a 63413507 
942 |c BK